00528nam a2200181Ia 4500008004100000020001800041041000800059082002100067100002200088245002300110260003900133300000800172365001300180700002100193942001200214999001900226952010100245140306s9999 xx 000 0 und d a9788131728024 aeng a658.3128bPHI/ST aJean, M.Philllips aStrategic Staffing aNew DelhibPearson Educationc2010 a432 bRs.450/- aStanley, M.Gully 2ddccBK c187958d187958 00102ddc4070aKAUCBVbKAUCBVg450.00l0o658.3128 PHI/STr2014-03-22 00:00:00w2014-03-22yBK